Logo CIB grande

MEMORIAS DEL PRIMER SIMPOSIUM INTERNACIONAL DE NUTRICION Y TECNOLOGIA DE ALIMENTOS PARA ACUACULTURA (Registro nro. 234360)

Detalles MARC
000 -LEADER
campo de control de longitud fija 00644nam a2200241Ia 4500
005 - FECHA Y HORA DE LA ÚLTIMA TRANSACCIÓN
campo de control 20250425162703.0
008 - DATOS DE LONGITUD FIJA--INFORMACIÓN GENERAL
campo de control de longitud fija 250425s9999 xx 000 0 und d
041 ## - CÓDIGO DE IDIOMA
Código de lengua del texto/banda sonora o título independiente spa
043 ## - CÓDIGO DE ÁREA GEOGRÁFICA
Código de área geográfica mx
082 ## - NÚMERO DE LA CLASIFICACIÓN DECIMAL DEWEY
Número de clasificación 664
010 ## - NÚMERO DE CONTROL DE LA BIBLIOTECA DEL CONGRESO
Número de control de LC 96807
100 ## - ENTRADA PRINCIPAL--NOMBRE DE PERSONA
Nombre de persona CRUZ SUAREZ, L ELIZABETH
245 #0 - MENCIÓN DEL TÍTULO
Título MEMORIAS DEL PRIMER SIMPOSIUM INTERNACIONAL DE NUTRICION Y TECNOLOGIA DE ALIMENTOS PARA ACUACULTURA
250 ## - MENCION DE EDICION
Mención de edición S.E
260 ## - PUBLICACIÓN, DISTRIBUCIÓN, ETC.
Lugar de publicación, distribución, etc. MAZATLÁN
260 ## - PUBLICACIÓN, DISTRIBUCIÓN, ETC.
Lugar de publicación, distribución, etc. México
Nombre del editor, distribuidor, etc. PROGRAMA MARICULTURA
Fecha de publicación, distribución, etc. 1993
300 ## - DESCRIPCIÓN FÍSICA
Extensión 491
650 ## - PUNTO DE ACCESO ADICIONAL DE MATERIA--TÉRMINO DE MATERIA
Término de materia o nombre geográfico como elemento de entrada ACUICULTURA
650 ## - PUNTO DE ACCESO ADICIONAL DE MATERIA--TÉRMINO DE MATERIA
Término de materia o nombre geográfico como elemento de entrada NUTRICION
700 ## - ENTRADA AGREGADA--NOMBRE PERSONAL
Nombre de persona MENDOZA ALFARO, ROBERTO
700 ## - ENTRADA AGREGADA--NOMBRE PERSONAL
Nombre de persona RICQUE-MARIE, DENIS
942 ## - ELEMENTOS DE ENTRADA SECUNDARIOS (KOHA)
Tipo de ítem Koha Libros
Existencias
Estatus retirado Estado de pérdida Estado de daño No para préstamo Biblioteca de origen Biblioteca actual Fecha de adquisición Coste, precio normal de compra Total de préstamos Código de barras Copia número
        CENTRO NACIONAL DE INVESTIGACIONES MARINAS CENTRO NACIONAL DE INVESTIGACIONES MARINAS 07/01/2016 5.00   D-81555 1

Copyright 2025 ESPOL. Todos los derechos reservados.